L'hébreu sans peine; (Record no. 33109)

MARC details
000 -LEADER
fixed length control field 00509cam a22002051 4500
001 - CONTROL NUMBER
control field he 68000842
003 - CONTROL NUMBER IDENTIFIER
control field DLC
005 - DATE AND TIME OF LATEST TRANSACTION
control field 20260227111456.0
008 - FIXED-LENGTH DATA ELEMENTS--GENERAL INFORMATION
fixed length control field 830808s1965 is 000 0 fre
010 ## - LIBRARY OF CONGRESS CONTROL NUMBER
LC control number he 68000842
035 ## - SYSTEM CONTROL NUMBER
System control number (OCoLC)16765794
040 ## - CATALOGING SOURCE
Original cataloging agency DLC
Transcribing agency OrPS
Modifying agency DLC
042 ## - AUTHENTICATION CODE
Authentication code premarc
050 00 - LIBRARY OF CONGRESS CALL NUMBER
Classification number PJ4569
Item number .R69
100 1# - MAIN ENTRY--PERSONAL NAME
Personal name Rosen, Aharon.
245 12 - TITLE STATEMENT
Title L'hébreu sans peine;
260 ## - PUBLICATION, DISTRIBUTION, ETC.
Place of publication, distribution, etc. Jerusalem,
Name of publisher, distributor, etc. Ahiasaf
Date of publication, distribution, etc. [1965]
300 ## - PHYSICAL DESCRIPTION
Extent 80 p.
Dimensions 23 cm.
650 #0 - SUBJECT ADDED ENTRY--TOPICAL TERM
Topical term or geographic name entry element Hebrew language
General subdivision Readers.

No items available.

Powered by Koha